000 00505nam a2200229Ia 4500
008 210210b1921 xxu||||| |||| 00| 0 eng d
041 _aeng
082 _a513/40
100 _aEDWARDS (J)
245 _aTreatise on the integral calculus Vol I
260 _aLondon
_bMacmillan & Co. Ltd.
_c1921
440 _a1
650 _aVol
650 _aTreatise
650 _athe
650 _aon
650 _aintegral
650 _aI
650 _acalculus
690 _aCalculus
906 _a007320
999 _c139747
_d139747